000 00562cam a22002294a 4500
005 20250605164247.0
008 250528s ||||||||||||||||||||||||d
035 _a21549
020 _a9780471988199
040 _aGR-AtMCL
_bgre
_dGR-AtMCL
_eAACR2
245 1 _aGLOBAL AND TRANSNATIONAL BUSINESS
250 _a1
260 _bWiley,
_c2000
300 _a463
700 1 _aCambell David
_94196
700 1 _aHamill Jim
_94218
700 1 _aPurdie Tony
_94219
700 1 _aStonehouse George
_94198
942 _cBK
999 _c6611
_d6611